FISHMAN'S PULMONARY DISEASES & DISORDERS (Record no. 16963)

MARC details
000 -LEADER
fixed length control field 00340nam a22001457a 4500
003 - CONTROL NUMBER IDENTIFIER
control field SGT
020 ## - INTERNATIONAL STANDARD BOOK NUMBER
International Standard Book Number 978-0-07-180728-9
082 ## - DEWEY DECIMAL CLASSIFICATION NUMBER
Classification number 616024
Item number F15G
100 ## - MAIN ENTRY--PERSONAL NAME
Personal name GRIPPI, MICHAEL A.
245 ## - TITLE STATEMENT
Title FISHMAN'S PULMONARY DISEASES & DISORDERS
250 ## - EDITION STATEMENT
Edition statement 5TH
260 ## - PUBLICATION, DISTRIBUTION, ETC. (IMPRINT)
Place of publication, distribution, etc NEW YORK
Name of publisher, distributor, etc MC GROW HILL
Year of Publication 2015
300 ## - PAGE DESCRIPTION
No. of Pages 1162
942 ## - ADDED ENTRY ELEMENTS (KOHA)
Source of classification or shelving scheme Dewey Decimal Classification
Koha item type Books
942 ## - ADDED ENTRY ELEMENTS (KOHA)
-- 1
Holdings
Withdrawn status Lost status Source of classification or shelving scheme Damaged status Not for loan Collection code Home library Current library Shelving location Date acquired Vendor Name Cost, normal purchase price Volume Information (Serial or Books or Non-Book Material) SGTU Bill Number Total Checkouts Full call number Accession No. (Barcode) Date last seen Date last borrowed Bill Date Koha item type
    Dewey Decimal Classification     MEDICAL SGT Medical Library SGT Medical Library Reference Book 21/02/2019 ABC DELHI 25122.00 VOL.-1 SGTU 10441 3 616024 F15G FM11113 19/09/2022 29/07/2022 20/12/2018 Books
    Dewey Decimal Classification   Not For Loan MEDICAL SGT Medical Library SGT Medical Library Reference Book 21/02/2019 ABC DELHI   VOL-2 SGTU 10441   616024 F15G FM11114 21/02/2019   20/12/2018 Books